[Event "Paul Keres Mem Prelim"]
[Site "Tallinn EST"]
[Date "2013.01.11"]
[Round "1.2"]
[White "Abozenko, Georg"]
[Black "Maiorov, Nikita1"]
[Result "0-1"]
[BlackTitle "GM"]
[WhiteElo "1915"]
[BlackElo "2537"]
[WhiteFideId "4500210"]
[BlackFideId "13501720"]
[EventDate "2013.01.11"]

1. d4 Nf6 2. c4 e6 3. Nf3 b6 4. g3 Bb7 5. Bg2 Be7 6. Nc3 Ne4 7. Qc2 Nxc3 8. bxc3
Nc6 9. O-O Na5 10. Nd2 Bxg2 11. Kxg2 Qc8 12. e4 Qa6 13. Qa4 c6 14. Ba3 b5 15.
cxb5 cxb5 16. Qc2 Bxa3 0-1

[Event "Paul Keres Mem Prelim"]
[Site "Tallinn EST"]
[Date "2013.01.11"]
[Round "1.3"]
[White "Malisauskas, Vidmantas"]
[Black "Gabovits, Ilia"]
[Result "1-0"]
[WhiteTitle "GM"]
[WhiteElo "2450"]
[BlackElo "1920"]
[WhiteFideId "12800031"]
[BlackFideId "4501500"]
[EventDate "2013.01.11"]

1. d4 Nf6 2. c4 g6 3. Nc3 Bg7 4. e4 d6 5. Be2 O-O 6. Bg5 a6 7. Qd2 c5 8. d5 Re8
9. Nf3 Bg4 10. O-O Bxf3 11. Bxf3 Nbd7 12. Rad1 b5 13. Qc2 Ne5 14. Be2 Nxc4 15.
Bxc4 bxc4 16. e5 dxe5 17. d6 exd6 18. Ne4 Re6 19. Nxc5 Re7 20. Bxf6 Bxf6 21. Ne4
Re6 22. Qxc4 Be7 23. Rd5 f5 24. Rxd6 1-0

[Event "Paul Keres Mem Prelim"]
[Site "Tallinn EST"]
[Date "2013.01.11"]
[Round "1.4"]
[White "Petrov, Aleksandr"]
[Black "Novik, Maxim"]
[Result "0-1"]
[BlackTitle "GM"]
[WhiteElo "1948"]
[BlackElo "2449"]
[WhiteFideId "4501136"]
[BlackFideId "4102924"]
[EventDate "2013.01.11"]

1. e4 c6 2. d4 d5 3. e5 Bf5 4. Nc3 e6 5. g4 Bg6 6. h4 h5 7. Nge2 hxg4 8. Nf4 Bf5
9. h5 c5 10. Be3 cxd4 11. Qxd4 Nc6 12. Bb5 Ne7 13. O-O-O a6 14. Ba4 b5 15. Nxb5
axb5 16. Bxb5 Rxa2 17. Qc3 Qa8 18. Kd2 Kd7 19. b3 Rxc2+ 20. Qxc2 Bxc2 21. Ra1
Qb8 22. Bxc6+ Nxc6 23. Kxc2 Qxe5 24. Nd3 Qf5 25. Ra4 Nb4+ 0-1

[Event "Paul Keres Mem Prelim"]
[Site "Tallinn EST"]
[Date "2013.01.11"]
[Round "1.5"]
[White "Berzinsh, Roland"]
[Black "Sagadijeva, Anna"]
[Result "1-0"]
[WhiteTitle "IM"]
[BlackTitle "WF"]
[WhiteElo "2411"]
[BlackElo "1848"]
[WhiteFideId "11600357"]
[BlackFideId "4501578"]
[EventDate "2013.01.11"]

1. e4 d5 2. exd5 Qxd5 3. Nc3 Qa5 4. d4 Nf6 5. Nf3 c6 6. Bc4 Bf5 7. Bd2 e6 8. Nd5
Qd8 9. Nxf6+ gxf6 10. O-O Nd7 11. Re1 Be7 12. Nh4 Bg6 13. Bh6 Nb6 14. Bb3 Qc7
15. Qf3 Rg8 16. a4 O-O-O 17. a5 Nd5 18. a6 b6 19. c4 Nb4 20. d5 Nd3 21. Nxg6
Rxg6 22. Qxd3 Rxh6 23. h3 e5 24. Qf5+ Qd7 25. Qe4 Kc7 26. Ba4 cxd5 27. cxd5 Qd6
28. Rac1+ Kb8 29. Rc6 Qb4 30. Rc4 Qd6 31. Rec1 Rg8 32. Rc7 Qxc7 33. Rxc7 Kxc7
34. d6+ Kxd6 35. Qc6# 1-0

[Event "Paul Keres Mem Prelim"]
[Site "Tallinn EST"]
[Date "2013.01.11"]
[Round "2.2"]
[White "Maiorov, Nikita1"]
[Black "Tusa, Tuukka"]
[Result "1-0"]
[WhiteTitle "GM"]
[WhiteElo "2537"]
[BlackElo "2170"]
[WhiteFideId "13501720"]
[BlackFideId "503916"]
[EventDate "2013.01.11"]

1. d4 d6 2. Bg5 g6 3. c4 Bg7 4. Nc3 Nf6 5. e3 O-O 6. Be2 Nc6 7. Nf3 e5 8. dxe5
dxe5 9. Qxd8 Rxd8 10. Bxf6 Bxf6 11. Nd5 Bg7 12. Nd2 Rxd5 13. cxd5 Nb4 14. Rc1
Nxd5 15. e4 Nf4 16. g3 Ne6 17. Nf3 c6 18. Bc4 Nd4 19. Nxd4 exd4 20. f4 Bg4 21.
Kf2 d3 22. e5 d2 23. Rb1 d1=Q 24. Rbxd1 Bxd1 25. Rxd1 b5 26. Be2 Bf8 27. Bf3 Rc8
28. Rd7 Bc5+ 29. Kg2 Kf8 30. Bg4 Ke8 31. Rxf7 Kxf7 32. Bxc8 Bd4 33. b3 Ke7 34.
Kf3 c5 35. Ba6 b4 36. Bc4 h6 37. Ke4 1-0

[Event "Paul Keres Mem Prelim"]
[Site "Tallinn EST"]
[Date "2013.01.11"]
[Round "2.3"]
[White "Berzinsh, Ivars"]
[Black "Malisauskas, Vidmantas"]
[Result "0-1"]
[BlackTitle "GM"]
[WhiteElo "2178"]
[BlackElo "2450"]
[WhiteFideId "11600764"]
[BlackFideId "12800031"]
[EventDate "2013.01.11"]

1. e4 c5 2. c3 e6 3. d4 d5 4. exd5 exd5 5. Nf3 Nc6 6. Bb5 Bd6 7. Be3 c4 8. Ba4
Ne7 9. Nbd2 O-O 10. Bc2 Bf5 11. Nf1 Qd7 12. Ng3 Bxc2 13. Qxc2 h6 14. Nh4 Rfe8
15. O-O Qg4 16. Nhf5 Nxf5 17. Nxf5 Qg6 18. Rac1 Bc7 19. Rfe1 Re6 20. Ng3 Qxc2
21. Rxc2 Bxg3 22. hxg3 Rae8 23. Rce2 b5 24. Kf1 h5 25. Bd2 Rxe2 26. Rxe2 Rxe2
27. Kxe2 f5 28. Bf4 Kf7 29. Bc7 g5 30. f3 Ke6 31. Ke3 b4 32. cxb4 Nxb4 33. a3
Nc2+ 34. Kd2 Nxd4 35. Bd8 g4 36. Ke3 Nc6 37. Bc7 d4+ 38. Kf4 Kd7 0-1

[Event "Paul Keres Mem Prelim"]
[Site "Tallinn EST"]
[Date "2013.01.11"]
[Round "2.4"]
[White "Novik, Maxim"]
[Black "Kukk, Sander"]
[Result "0-1"]
[WhiteTitle "GM"]
[WhiteElo "2449"]
[BlackElo "2184"]
[WhiteFideId "4102924"]
[BlackFideId "4502094"]
[EventDate "2013.01.11"]

1. Nf3 g6 2. e4 Bg7 3. d4 d6 4. Be2 Nf6 5. Nc3 O-O 6. O-O Bg4 7. Be3 Nc6 8. h3
Bd7 9. e5 Ne8 10. Bf4 Bf5 11. Qc1 dxe5 12. dxe5 Nd4 13. Rd1 Nxe2+ 14. Nxe2 Qc8
15. Bh6 c6 16. Bxg7 Kxg7 17. Ng3 h6 18. Qe3 Bxc2 19. Rd2 Bf5 20. Qc5 e6 21. Qe7
Nc7 22. Rc1 Nd5 23. Nxf5+ gxf5 24. Rxd5 exd5 25. Qf6+ Kh7 26. Nd4 Qd8 27. Qxf5+
Kh8 28. f4 Qh4 29. Nf3 Qg3 30. Rc3 Qg6 31. Qd7 Rad8 32. Qxb7 d4 33. Rxc6 Qg7 34.
Qe7 d3 35. Rd6 Rxd6 36. Qxd6 Rg8 37. Nh4 d2 38. Qxd2 Qg3 39. Qf2 Qxf2+ 40. Kxf2
Rc8 41. f5 Rc2+ 42. Ke3 Rxb2 43. g4 Rxa2 44. e6 fxe6 45. fxe6 Kg7 46. Nf5+ Kf6
47. e7 Kf7 48. h4 a5 49. Kd4 Rf2 50. Kc4 h5 51. Kb5 hxg4 52. Nh6+ Kxe7 53. Nxg4
Rf5+ 54. Ka4 Rf4+ 0-1

[Event "Paul Keres Mem Prelim"]
[Site "Tallinn EST"]
[Date "2013.01.11"]
[Round "2.5"]
[White "Kuusk, Andres"]
[Black "Berzinsh, Roland"]
[Result "1-0"]
[BlackTitle "IM"]
[WhiteElo "2171"]
[BlackElo "2411"]
[WhiteFideId "4501675"]
[BlackFideId "11600357"]
[EventDate "2013.01.11"]

1. e4 c5 2. Nc3 a6 3. Nf3 b5 4. d4 cxd4 5. Nxd4 Bb7 6. Bd3 g6 7. O-O Bg7 8. Be3
d6 9. a4 b4 10. Nd5 Nf6 11. Nxf6+ Bxf6 12. Qd2 a5 13. Bh6 Nd7 14. c3 Qb6 15.
Rad1 Rc8 16. Kh1 bxc3 17. bxc3 Qc5 18. Rb1 Ba8 19. Rfc1 e6 20. Qe2 g5 21. Rc2
Rg8 22. Rb5 Qa3 23. h4 Rxc3 24. Rxc3 Qxc3 25. Nf3 gxh4 26. Bd2 Qa1+ 27. Kh2 Ke7
28. Rxa5 Bc6 29. Ra7 Ra8 30. Rxa8 Bxa8 31. Bb5 Qb1 32. Qc4 Nc5 33. e5 Bd5 34.
exd6+ Kxd6 35. Qf4+ Ke7 36. Qc7+ Kf8 37. Qxc5+ Kg7 38. Qe3 h3 39. Qh6+ Kg8 40.
Qxf6 1-0

[Event "Paul Keres Mem Prelim"]
[Site "Tallinn EST"]
[Date "2013.01.11"]
[Round "3.2"]
[White "Vepkhvishvili, Varlam"]
[Black "Maiorov, Nikita1"]
[Result "0-1"]
[WhiteTitle "FM"]
[BlackTitle "GM"]
[WhiteElo "2256"]
[BlackElo "2537"]
[WhiteFideId "13600524"]
[BlackFideId "13501720"]
[EventDate "2013.01.11"]

1. d4 Nf6 2. Nf3 g6 3. c3 Bg7 4. Bf4 d6 5. e3 O-O 6. Be2 b6 7. O-O Bb7 8. h3
Nbd7 9. Nbd2 Qe8 10. Bh2 e5 11. a4 a6 12. b4 Nd5 13. Qb3 Kh8 14. Rac1 Rb8 15.
Bc4 Ne7 16. Ne1 f5 17. Qa2 g5 18. Be6 Ng6 19. Bxd7 Qxd7 20. Rd1 Qe7 21. d5 e4
22. c4 f4 23. Nc2 Rbe8 24. Nb3 Bc8 25. Ncd4 Nh4 26. Kh1 f3 27. g4 h5 28. Rg1
hxg4 29. Rxg4 Bxg4 30. hxg4 Qd7 31. Ne6 Rxe6 32. dxe6 Qxe6 33. Rg1 Qxc4 34. Bg3
Ng2 35. Rxg2 Qf1+ 36. Rg1 Qh3+ 37. Bh2 Be5 38. Rg3 Bxg3 39. fxg3 f2 0-1

[Event "Paul Keres Mem Prelim"]
[Site "Tallinn EST"]
[Date "2013.01.11"]
[Round "3.4"]
[White "Shkapenko, Pavel"]
[Black "Sharankov, Grigory"]
[Result "1-0"]
[WhiteTitle "IM"]
[WhiteElo "2407"]
[BlackElo "2189"]
[WhiteFideId "4151933"]
[BlackFideId "4168356"]
[EventDate "2013.01.11"]

1. e4 e6 2. d4 d5 3. exd5 exd5 4. Nf3 Bd6 5. c4 c6 6. Nc3 Ne7 7. Bd3 Bg4 8. O-O
dxc4 9. Bxc4 O-O 10. h3 Bh5 11. g4 Bg6 12. Ne5 Kh8 13. h4 f6 14. Nxg6+ Nxg6 15.
h5 Nf4 16. Ne4 f5 17. Ng3 Qh4 18. gxf5 Nh3+ 19. Kg2 Nxf2 20. Rxf2 Bxg3 21. Rf3
Qh2+ 22. Kf1 Rxf5 23. Rxf5 Qh3+ 24. Kg1 Bh2+ 25. Kf2 Qxf5+ 26. Qf3 Bg1+ 27. Kg2
Qxf3+ 28. Kxf3 Bxd4 29. Bf4 Nd7 30. Rd1 c5 31. b4 b6 32. bxc5 bxc5 33. Bd6 Nb6
34. Bb3 Re8 35. Kg4 Nd7 36. Kf5 Nf6 37. Bf7 Rc8 38. Bc4 Rc6 39. Rb1 g6+ 40. Ke6
Ne4 41. Rb8+ Kg7 42. Kd5 Rxd6+ 43. Kxe4 Rd7 44. Rg8+ Kh6 45. hxg6 hxg6 46. Be6
Re7 47. Kd5 Kh7 48. Rb8 Kh6 49. Kd6 Rg7 50. Rh8+ Kg5 51. Rh1 Kf4 52. Rf1+ Kg3
53. Kd5 g5 54. Ke4 a5 55. Rf3+ Kg2 56. Bh3+ Kh2 57. Bg4 Re7+ 58. Kd5 Re5+ 59.
Kc6 Re4 60. Bf5 Rf4 61. Rxf4 gxf4 62. Kb5 Kg3 63. Bd3 Kf2 64. Kxa5 Ke3 65. Bc4
f3 66. a4 Kd2 67. Kb5 Ke1 68. a5 Be5 69. a6 Bb8 70. Kb6 f2 71. Kb7 Ba7 72. Kxa7
f1=Q 73. Bxf1 Kxf1 74. Kb6 c4 75. a7 c3 76. a8=Q 1-0

[Event "Paul Keres Mem Prelim"]
[Site "Tallinn EST"]
[Date "2013.01.11"]
[Round "3.5"]
[White "Shlykov, Vitali"]
[Black "Sveshnikov, Vladimir"]
[Result "1-0"]
[BlackTitle "IM"]
[WhiteElo "2245"]
[BlackElo "2434"]
[WhiteFideId "4501845"]
[BlackFideId "11601884"]
[EventDate "2013.01.11"]

1. d4 d5 2. Nf3 Nf6 3. Bg5 Ne4 4. Bh4 c5 5. c3 Nc6 6. e3 Qb6 7. Qb3 c4 8. Qxb6
axb6 9. Nbd2 Nxd2 10. Nxd2 b5 11. e4 dxe4 12. Nxe4 Bf5 13. f3 e5 14. dxe5 Bxe4
15. fxe4 Bc5 16. a3 b4 17. Bxc4 bxc3 18. bxc3 Nxe5 19. Bb5+ Nc6 20. a4 O-O 21.
O-O-O Na7 22. Bc4 Nc8 23. Bb3 Nb6 24. Rhf1 g6 25. Kc2 Kg7 26. Bf6+ Kg8 27. e5
Rae8 28. a5 Nc8 29. Rd7 Be7 30. Rxb7 Bxf6 31. Rxf6 Kg7 32. Rbxf7+ Rxf7 33. Rxf7+
Kh6 34. Rc7 Ne7 35. a6 Nf5 36. a7 Kg5 37. Kc1 Ne3 38. Ba4 Rd8 39. Bc6 Rd1+ 40.
Kb2 Nc4+ 41. Kb3 Nb6 42. a8=Q Nxa8 43. Bxa8 Re1 44. Rxh7 Rxe5 45. Bf3 1-0

[Event "Paul Keres Mem Prelim"]
[Site "Tallinn EST"]
[Date "2013.01.11"]
[Round "3.6"]
[White "Fomina, Tatyana"]
[Black "Sudakova, Irina"]
[Result "1/2-1/2"]
[WhiteTitle "WIM"]
[BlackTitle "WGM"]
[WhiteElo "2219"]
[BlackElo "2340"]
[WhiteFideId "4500156"]
[BlackFideId "4129903"]
[EventDate "2013.01.11"]

1. e4 c5 2. Nf3 d6 3. Bc4 e6 4. Qe2 Nf6 5. O-O Be7 6. e5 dxe5 7. Nxe5 Bd7 8.
Nxd7 Qxd7 9. d3 Nc6 10. Bf4 O-O 11. Nc3 Nd4 12. Qd2 Rad8 13. a4 Nd5 14. Bg3 h6
15. Nb5 Nb6 16. Nxd4 Nxc4 17. dxc4 Qxd4 18. Qe2 Bf6 19. c3 Qd2 20. Rfe1 Rd7 21.
a5 a6 22. Kf1 Rfd8 23. Qxd2 Rxd2 24. Re2 R2d7 25. Ke1 Bg5 26. f4 Bf6 27. Bf2 Be7
28. Be3 Rd3 29. Kf2 R8d7 30. Rc1 g5 31. g3 Kf8 32. Rcc2 Ke8 33. Rcd2 gxf4 34.
Bxf4 Bg5 35. Rxd3 Rxd3 36. Bxg5 hxg5 37. Re5 Rd2+ 38. Kf3 Rxh2 39. Rxg5 Rxb2 40.
Rxc5 Rb3 41. Rc7 Rxc3+ 42. Kf4 Ra3 43. Ke5 Rxa5+ 44. Kd6 Kf8 45. Rxb7 Rg5 46.
Rb3 a5 47. c5 Rd5+ 48. Kc6 Ke7 49. Ra3 Rg5 50. Kb6 Kd7 51. Rxa5 Rxg3 52. Ra7+
Ke8 53. c6 Rb3+ 54. Kc5 Rc3+ 55. Kd6 Rd3+ 56. Kc5 Rc3+ 57. Kd6 Rd3+ 58. Kc5 1/2-1/2

[Event "Paul Keres Mem Prelim"]
[Site "Tallinn EST"]
[Date "2013.01.11"]
[Round "4.2"]
[White "Maiorov, Nikita1"]
[Black "Shlykov, Vitali"]
[Result "1-0"]
[WhiteTitle "GM"]
[WhiteElo "2537"]
[BlackElo "2245"]
[WhiteFideId "13501720"]
[BlackFideId "4501845"]
[EventDate "2013.01.11"]

1. d4 Nf6 2. c4 g6 3. g3 Bg7 4. Bg2 O-O 5. Nc3 d6 6. Nf3 Nbd7 7. O-O e5 8. e4 c6
9. b3 exd4 10. Nxd4 Re8 11. h3 Nc5 12. Re1 a5 13. Bf4 Nh5 14. Be3 Qe7 15. Qc2
Nf6 16. Rad1 h6 17. f3 Kh7 18. Bf2 Bd7 19. f4 Rad8 20. a3 Bc8 21. Qb1 Qc7 22. b4
axb4 23. axb4 Ne6 24. Nde2 Kg8 25. Na4 c5 26. Nec3 Nd4 27. bxc5 dxc5 28. e5 Nh5
29. Nd5 Qa5 30. Nac3 Bf5 31. Qb2 Bc2 32. Ra1 1-0

[Event "Paul Keres Mem Prelim"]
[Site "Tallinn EST"]
[Date "2013.01.11"]
[Round "4.4"]
[White "Ladva, Ottomar"]
[Black "Shkapenko, Pavel"]
[Result "1-0"]
[BlackTitle "IM"]
[WhiteElo "2267"]
[BlackElo "2407"]
[WhiteFideId "4500024"]
[BlackFideId "4151933"]
[EventDate "2013.01.11"]

1. e4 c5 2. Nf3 a6 3. c3 d5 4. exd5 Qxd5 5. d4 Nf6 6. Be3 cxd4 7. cxd4 e6 8. Nc3
Qd6 9. Bd3 Be7 10. O-O O-O 11. Bg5 Nbd7 12. Qe2 Nb6 13. Ne4 Nxe4 14. Qxe4 g6 15.
Qh4 Nd5 16. Bxe7 Qxe7 17. Qxe7 Nxe7 18. Be4 Nf5 19. Bxf5 exf5 20. d5 Rd8 21.
Rfd1 Rd6 22. Rac1 Bd7 23. Ne5 Bb5 24. Rc7 Rad8 25. Nxf7 Rxd5 26. Nh6+ Kh8 27.
Rxd5 Rxd5 28. h4 Rd7 29. Nf7+ Kg7 30. Rxd7 Bxd7 31. Ne5 Be6 32. a3 f4 33. Nd3 f3
34. gxf3 Kf6 35. Kh2 Bc4 36. Nc5 Bd5 37. Kg3 Ke5 38. f4+ Kf5 39. f3 Bc6 40. Nd3
Bd5 41. Ne5 Be6 42. b4 Bb3 43. Ng4 Ba4 44. Ne3+ Kf6 45. Kf2 Ke6 46. Kg3 Kf6 47.
f5 gxf5 48. Kf4 Bd7 49. Nc2 Ba4 50. Nd4 Bd7 51. Nb3 Ba4 52. Nc5 Bc6 53. Nd3 Bb5
54. Nf2 Bf1 55. Nd1 Bc4 56. Ne3 Be6 57. Nc2 Bc8 58. Ne1 Bd7 59. Nd3 Be6 60. Ke3
Bd5 61. Nf4 Bc6 62. Nh5+ Kg6 63. Ng3 Kf6 64. f4 Ke6 65. Kd4 b6 66. Nf1 Bf3 67.
Ne3 a5 68. Nc4 axb4 69. axb4 b5 70. Nd2 Be2 71. Kc5 Kf6 72. Nb3 Kg6 73. Nd4 Bf1
74. Nxb5 Kh5 75. Nd4 Kxh4 76. Nxf5+ Kh3 77. Ne3 Ba6 78. f5 Kg3 79. f6 1-0

[Event "Paul Keres Mem Prelim"]
[Site "Tallinn EST"]
[Date "2013.01.11"]
[Round "4.5"]
[White "Purtseladze, Maka"]
[Black "Kukk, Sander"]
[Result "1/2-1/2"]
[WhiteTitle "IM"]
[WhiteElo "2313"]
[BlackElo "2184"]
[WhiteFideId "13602659"]
[BlackFideId "4502094"]
[EventDate "2013.01.11"]

1. Nf3 g6 2. e4 Bg7 3. d4 d6 4. h3 Nf6 5. Nc3 O-O 6. Be3 a6 7. a4 Nc6 8. Bc4 e5
9. dxe5 Nxe5 10. Nxe5 dxe5 11. Qxd8 Rxd8 12. a5 c6 13. O-O Bf8 14. Rfd1 Re8 15.
f3 Bb4 16. Ne2 Nd7 17. c3 Bc5 18. Bxc5 Nxc5 19. b4 Ne6 20. Rd6 Kf8 21. Rad1 Ke7
22. R6d2 h5 23. Nc1 Nf4 24. Nd3 Nxd3 25. Rxd3 h4 26. Kf2 Rh8 27. Ke3 g5 28. R1d2
f6 29. Rd6 Rf8 30. Ke2 Rh8 31. Kd1 Rf8 32. Kc1 Rh8 33. Kb2 Rf8 34. Bb3 Rh8 35.
c4 Be6 36. b5 Rhd8 37. Rxd8 Rxd8 38. Rxd8 Kxd8 39. Kc3 c5 40. b6 1/2-1/2

[Event "Paul Keres Mem Prelim"]
[Site "Tallinn EST"]
[Date "2013.01.11"]
[Round "4.6"]
[White "Vovk, Ilja"]
[Black "Sotsky, Alexander"]
[Result "0-1"]
[WhiteTitle "FM"]
[BlackTitle "IM"]
[WhiteElo "2281"]
[BlackElo "2396"]
[WhiteFideId "4501764"]
[BlackFideId "4130715"]
[EventDate "2013.01.11"]

1. f4 d5 2. Nf3 e6 3. g3 f5 4. Bg2 Nf6 5. O-O Bc5+ 6. Kh1 O-O 7. c3 c6 8. d3
Nbd7 9. e3 a5 10. a4 Qe7 11. Qe2 b5 12. axb5 cxb5 13. b4 Bb6 14. bxa5 Rxa5 15.
Rxa5 Bxa5 16. Nd4 Bb6 17. Nxb5 Ba6 18. Nd4 Rc8 19. Rd1 Nc5 20. Ba3 Qd7 21. Bxc5
Bxc5 22. Qd2 Kf7 23. h3 Qa4 24. g4 Bxd4 25. exd4 fxg4 26. Re1 h5 27. Qe3 Qd7 28.
c4 dxc4 29. dxc4 Rxc4 30. f5 exf5 31. Nc3 Bb7 32. Bxb7 Qxb7+ 33. Kh2 Qc7+ 34.
Kh1 Rxc3 35. Qe6+ Kg6 0-1

[Event "Paul Keres Mem Prelim"]
[Site "Tallinn EST"]
[Date "2013.01.12"]
[Round "5.3"]
[White "Kukk, Sander"]
[Black "Sudakova, Irina"]
[Result "0-1"]
[BlackTitle "WGM"]
[WhiteElo "2184"]
[BlackElo "2340"]
[WhiteFideId "4502094"]
[BlackFideId "4129903"]
[EventDate "2013.01.11"]

1. b3 d5 2. e3 c5 3. Bb2 Nc6 4. Nf3 Nf6 5. d4 Bg4 6. Nbd2 e6 7. Be2 cxd4 8. exd4
Be7 9. O-O O-O 10. Re1 Rc8 11. a3 Ne4 12. Rc1 Nxd2 13. Qxd2 Bxf3 14. gxf3 Bg5
15. f4 Bh6 16. Rcd1 Ne7 17. Bd3 Qd6 18. Bc1 Ng6 19. Bxg6 fxg6 20. Qe2 Rce8 21.
Qe5 Qe7 22. c4 Rf5 23. Qe2 Bxf4 24. Bxf4 Rxf4 25. c5 Qg5+ 26. Kh1 Qf6 27. Kg1
Rxd4 28. Rxd4 Qxd4 29. b4 a6 30. Rc1 Qf6 31. Rc2 d4 32. Qe4 Qg5+ 33. Kf1 Qh5 34.
Rd2 Qxh2 35. Qxb7 Qh3+ 36. Ke2 e5 37. Qxa6 Qg4+ 38. Kd3 e4+ 39. Kc2 d3+ 40. Kb2
Qf4 41. Qc4+ Kh8 42. Qc3 h6 43. b5 Rb8 44. b6 Qf7 45. a4 Qd7 46. a5 Qb5+ 47. Kc1
Rc8 48. Rb2 d2+ 49. Kxd2 Rd8+ 50. Kc2 Qa4+ 51. Rb3 Qa2+ 52. Rb2 Qa4+ 53. Qb3
Qxa5 54. Qb4 Qa6 55. Qb5 Qa1 56. Rb1 Qd4 57. b7 Qd2+ 58. Kb3 Rd3+ 59. Qxd3 Qxd3+
60. Ka2 Qa6+ 61. Kb2 Qxb7+ 62. Kc2 Qc6 0-1

[Event "Paul Keres Mem Prelim"]
[Site "Tallinn EST"]
[Date "2013.01.12"]
[Round "5.5"]
[White "Malisauskas, Vidmantas"]
[Black "Valner, Uku"]
[Result "1-0"]
[WhiteTitle "GM"]
[WhiteElo "2450"]
[BlackElo "2192"]
[WhiteFideId "12800031"]
[BlackFideId "4502205"]
[EventDate "2013.01.11"]

1. d4 e6 2. e4 d5 3. Nd2 c5 4. Ngf3 Nf6 5. exd5 Nxd5 6. dxc5 Bxc5 7. Ne4 Be7 8.
c4 Nf6 9. Qxd8+ Kxd8 10. Bd3 Nc6 11. Bf4 Nxe4 12. Bxe4 f6 13. O-O-O+ Ke8 14. Bd6
e5 15. b3 Be6 16. Kb2 Rd8 17. Bxe7 Kxe7 18. Kc3 g6 19. b4 Rc8 20. Bd5 Rhd8 21.
Bxe6 Kxe6 22. Rhe1 g5 23. g4 h5 24. h3 hxg4 25. hxg4 Rh8 26. Rh1 Rxh1 27. Rxh1
Ne7 28. Rh6 Kf7 29. Rh7+ Ke6 30. Nd2 b6 31. Ne4 Rf8 32. Rh6 Ng8 33. Nxg5+ Kd6
34. Ne4+ Ke6 35. Rh7 Ne7 36. c5 Rd8 37. g5 Nd5+ 38. Kc4 fxg5 39. Rh6+ Kf5 40.
Nd6+ 1-0

[Event "Paul Keres Mem Prelim"]
[Site "Tallinn EST"]
[Date "2013.01.12"]
[Round "5.6"]
[White "Shlykov, Vitali"]
[Black "Novik, Maxim"]
[Result "0-1"]
[BlackTitle "GM"]
[WhiteElo "2245"]
[BlackElo "2449"]
[WhiteFideId "4501845"]
[BlackFideId "4102924"]
[EventDate "2013.01.11"]

1. e4 c6 2. d4 d5 3. e5 Bf5 4. Nc3 e6 5. g4 Bg6 6. Nge2 c5 7. h4 h5 8. Nf4 cxd4
9. Nxg6 fxg6 10. Qxd4 Nc6 11. Qf4 Bc5 12. Bd3 Nge7 13. Qg5 O-O 14. Bf4 Nd4 15.
Be2 Nxc2+ 16. Kd2 Nxa1 17. Rxa1 Nc6 18. Qxg6 Rxf4 19. Bd3 Rxf2+ 20. Ke1 Qxh4 0-1

[Event "Paul Keres Mem Prelim"]
[Site "Tallinn EST"]
[Date "2013.01.12"]
[Round "6.2"]
[White "Sudakova, Irina"]
[Black "Malisauskas, Vidmantas"]
[Result "0-1"]
[WhiteTitle "WGM"]
[BlackTitle "GM"]
[WhiteElo "2340"]
[BlackElo "2450"]
[WhiteFideId "4129903"]
[BlackFideId "12800031"]
[EventDate "2013.01.11"]

1. e4 c5 2. Ne2 d5 3. exd5 Nf6 4. d4 Nxd5 5. dxc5 Bf5 6. Nd4 Bd7 7. c4 Nf6 8.
Nc3 Na6 9. c6 bxc6 10. Be2 e5 11. Nc2 Be7 12. O-O O-O 13. a3 Nc5 14. b4 Nb3 15.
Rb1 Nxc1 16. Qxc1 Bf5 17. Rb2 Qc7 18. Ne3 Be6 19. Rd2 Nd7 20. Ncd5 Qd8 21. Nxe7+
Qxe7 22. Rfd1 f5 23. c5 f4 24. Nc4 Bd5 25. Bf1 e4 26. Na5 Ne5 27. Rxd5 cxd5 28.
Rxd5 e3 29. fxe3 f3 30. Nc4 fxg2 31. Be2 Qh4 0-1

[Event "Paul Keres Mem Prelim"]
[Site "Tallinn EST"]
[Date "2013.01.12"]
[Round "6.3"]
[White "Novik, Maxim"]
[Black "Shishkov, Andrei"]
[Result "1-0"]
[WhiteTitle "GM"]
[BlackTitle "FM"]
[WhiteElo "2449"]
[BlackElo "2382"]
[WhiteFideId "4102924"]
[BlackFideId "4500563"]
[EventDate "2013.01.11"]

1. Nf3 Nf6 2. g3 b5 3. Na3 a6 4. c4 b4 5. Nc2 e6 6. Bg2 Bb7 7. O-O Be7 8. b3 O-O
9. Bb2 d5 10. Ne5 Nbd7 11. d4 Nxe5 12. dxe5 Ne4 13. Ne3 Bc5 14. Qd3 Ba7 15. cxd5
exd5 16. Rad1 Qg5 17. Nxd5 Bxd5 18. Bxe4 Bxe4 19. Qxe4 Rad8 20. Qxb4 Qf5 21.
Rxd8 Rxd8 22. Qe7 Rc8 23. e3 h5 24. Rd1 Qc2 25. Qd7 Kh7 26. Qd3+ Qxd3 27. Rxd3
Kg6 28. e4 c5 29. Rd6+ Kg5 30. Kg2 h4 31. f4+ Kh5 32. Kf3 hxg3 33. hxg3 c4 34.
Bc3 g6 35. b4 Rb8 36. Rxa6 Bb6 1-0

[Event "Paul Keres Mem Prelim"]
[Site "Tallinn EST"]
[Date "2013.01.12"]
[Round "6.4"]
[White "Berzina, Ilze"]
[Black "Berzinsh, Roland"]
[Result "1-0"]
[WhiteTitle "WGM"]
[BlackTitle "IM"]
[WhiteElo "2292"]
[BlackElo "2411"]
[WhiteFideId "11601345"]
[BlackFideId "11600357"]
[EventDate "2013.01.11"]

1. e4 c5 2. Nf3 b6 3. d4 cxd4 4. Nxd4 Bb7 5. Nc3 a6 6. g3 g6 7. Bg2 Bg7 8. O-O
d6 9. Be3 Nd7 10. a4 Rc8 11. f4 Qc7 12. Nd5 Qb8 13. Bh3 Rd8 14. Bxd7+ Rxd7 15.
Nxb6 Rd8 16. Nd5 Nf6 17. Qd3 Nd7 18. c4 e6 19. Nc3 Nc5 20. Qc2 Qa8 21. f5 gxf5
22. exf5 Be5 23. fxe6 fxe6 24. Qe2 h5 25. b4 Ne4 26. Nxe4 Bxe4 27. Nxe6 Rd7 28.
Rae1 Re7 29. Qf2 h4 30. Qf8+ Kd7 31. Qxa8 Bxa8 32. Nf8+ Rxf8 33. Rxf8 Bb7 34.
Kf2 hxg3+ 35. hxg3 Rh7 36. Ke2 Be4 37. g4 Bc3 1-0

[Event "Paul Keres Mem Prelim"]
[Site "Tallinn EST"]
[Date "2013.01.12"]
[Round "6.6"]
[White "Purtseladze, Maka"]
[Black "Ladva, Ottomar"]
[Result "1/2-1/2"]
[WhiteTitle "IM"]
[WhiteElo "2313"]
[BlackElo "2267"]
[WhiteFideId "13602659"]
[BlackFideId "4500024"]
[EventDate "2013.01.11"]

1. d4 d5 2. c4 e6 3. Nc3 Be7 4. cxd5 exd5 5. Nf3 c6 6. Qc2 Nf6 7. Bg5 g6 8. e3
Bf5 9. Bd3 Bxd3 10. Qxd3 O-O 11. O-O Nbd7 12. Rab1 a5 13. Nd2 Re8 14. f3 Nh5 15.
Bxe7 Qxe7 16. Rbe1 Qg5 17. Kh1 Re7 18. f4 Qh6 19. Kg1 Nhf6 20. Nf3 Ne4 21. Ne5
Ndf6 22. Rf3 Nd6 23. Rh3 Qg7 24. g4 Nfe4 25. Nxe4 Nxe4 26. g5 Rf8 27. Re2 f6 28.
gxf6 Qxf6 29. Rg2 Rg7 30. Qd1 Qe6 31. Qg4 Qxg4 32. Nxg4 c5 33. dxc5 Rc7 34. Rc2
Rfc8 35. f5 Rxc5 36. Rxc5 Rxc5 37. fxg6 Rc1+ 38. Kg2 Rc2+ 39. Kg1 hxg6 40. Ne5
Rxb2 41. Nxg6 Rxa2 42. Ne7+ Kf7 43. Nxd5 b5 44. Rh7+ Kg6 45. Re7 Ng5 46. Ra7
Nf3+ 47. Kf1 Nxh2+ 48. Ke1 Nf3+ 49. Kf1 Nd2+ 50. Ke1 Nc4 51. e4 Rb2 52. Kd1 a4
53. Kc1 a3 54. Rxa3 Rh2 55. Rb3 Nd6 56. e5 Rh1+ 57. Kc2 Nf5 58. Rb4 Kf7 59. Kd3
Ke6 60. Nc7+ Kxe5 61. Rxb5+ Kf6 62. Nd5+ Kg6 63. Rb6+ Kg5 64. Rb5 Rd1+ 65. Ke2
Nd4+ 66. Kxd1 Nxb5 1/2-1/2